000 00864nam a22002417a 4500
999 _c17145
_d17145
003 AR-CdUCM
008 190507b ||||| |||| 00| 0 spa d
040 _aMUNICIPALIDAD PROVINCIAL DEL CUSCO
_cBIBLIOTECA MUNICIPAL DEL CUSCO
082 _a868.324 /
_bR65
100 _aRiquer, Martín de
_912778
245 _aAproximación al Quijote /
260 _aEspaña :
_bSalvat Editores,
_c1970.
300 _a166 páginas ;
_c20 cm.
440 _aBiblioteca Básica Salvat de Libros RTV.
_935493
505 _aContenido: Cervantes: vida y literatura -- El "Quijote" -- "Quijote" de Avellaneda.
650 _aNovelas españolas
_9584
650 _aEdad de Oro, 1500-1700
_93058
650 _aLiteratura
_983
700 _aAlonso, Dámaso (prólogo)
_937001
710 _aAlianza Editorial (colaborador)
_937002
942 _2ddc
_cLIBROS
945 _aachl
_d2019-05-07